ბათუმის შოთა რუსთაველის სახელმწიფო უნივერსიტეტის ბიბლიოთეკა

Atlas of anatomy / (ბიბ.ჩანაწერი № 57408)

000 -LEADER
fixed length control field 01079cam a22002898i 4500
001 - CONTROL NUMBER
control field 18920680
005 - DATE AND TIME OF LATEST TRANSACTION
control field 20221105205924.0
008 - FIXED-LENGTH DATA ELEMENTS--GENERAL INFORMATION
fixed length control field 151228s2018 nyu 001 0 eng
010 ## - LIBRARY OF CONGRESS CONTROL NUMBER
LC control number 2015051118
020 ## - INTERNATIONAL STANDARD BOOK NUMBER
International Standard Book Number 9781626232525 1
020 ## - INTERNATIONAL STANDARD BOOK NUMBER
Canceled/invalid ISBN 9781626232532 1
020 ## - INTERNATIONAL STANDARD BOOK NUMBER
International Standard Book Number 9789386293138 1
041 ## - LANGUAGE CODE
Language code of text/sound track or separate title eng
080 ## - UNIVERSAL DECIMAL CLASSIFICATION NUMBER
Universal Decimal Classification number 611(084.4) A-90
245 10 - TITLE STATEMENT
Title Atlas of anatomy /
Statement of responsibility, etc. edited by Anne M. Gilroy, Brian R. MacPherson ; based on the work of Michael Schuenke, Erik Schulte, Udo Schumacher ; illustrations by Markus Voll, Karl Wesker.
250 ## - EDITION STATEMENT
Edition statement Third edition.
264 #1 - PRODUCTION, PUBLICATION, DISTRIBUTION, MANUFACTURE, AND COPYRIGHT NOTICE
Place of production, publication, distribution, manufacture New York :
Name of producer, publisher, distributor, manufacturer Thieme,
Date of production, publication, distribution, manufacture, or copyright notice 2016.
300 ## - PHYSICAL DESCRIPTION
Extent 566 p. ;
Dimensions 24 cm.
653 ## - INDEX TERM--UNCONTROLLED
keyword მედიცინა
653 ## - INDEX TERM--UNCONTROLLED
keyword ატლასი
653 ## - INDEX TERM--UNCONTROLLED
keyword ადამიანის ანატომია
700 1# - ADDED ENTRY--PERSONAL NAME
Personal name Gilroy, Anne M.,
Relator term რედაქტორი
9 (RLIN) 8468
700 1# - ADDED ENTRY--PERSONAL NAME
Personal name MacPherson, Brian R.,
Relator term რედაქტორი
9 (RLIN) 8469
700 1# - ADDED ENTRY--PERSONAL NAME
Personal name Voll, Markus M.,
Relator term მხატვარი
9 (RLIN) 8470
700 1# - ADDED ENTRY--PERSONAL NAME
Personal name Wesker, Karl,
Relator term მხატვარი
9 (RLIN) 8471
942 ## - ADDED ENTRY ELEMENTS (KOHA)
Source of classification or shelving scheme
Koha item type წიგნი
ეგზემპლარები
Withdrawn status Lost status Source of classification or shelving scheme Damaged status Not for loan Permanent Location Current Location Shelving location Date acquired Cost, normal purchase price Full call number Barcode Date last seen Copy number Price effective from Koha item type Public note
          ბათუმის შოთა რუსთაველის სახელმწიფო უნივერსიტეტის მთავარი ბიბლიოთეკა ბათუმის შოთა რუსთაველის სახელმწიფო უნივერსიტეტის მთავარი ბიბლიოთეკა წიგნსაცავი 2020-06-17 272.00 611(084.4) A-90 60597 2020-06-17 60597 2020-06-17 წიგნი 272 ლ.